Statistics for 20 Most Popular Computer Brands

Click here to take the quiz!

General Stats

  • This quiz has been taken 348 times
  • The average score is 5 of 20

Answer Stats

Rank #Brand% Correct
2Apple
85%
10HP
67%
3Microsoft
64%
11Samsung
55%
1Google
51%
5IBM
36%
20Sony
32%
14Intel
29%
4Facebook
28%
12Oracle
9%
13Huawei
9%
15Cisco
6%
7SAP
3%
8Baidu
2%
16LinkedIn
2%
17Adobe
2%
19Netflix
2%
6Tencent
1%
9Accenture
1%
18Salesforce
0%

Score Distribution

Percentile by Number Answered

Percent of People with Each Score

Your Score History

You have not taken this quiz